| 000 | 00629aam a2200229 4500 | ||
|---|---|---|---|
| 005 | 20161014115420.0 | ||
| 008 | 150702b xxu||||| |||| 00| 0 spa d | ||
| 041 | _aEspañol | ||
| 082 | _a972.86 M519s | ||
| 100 |
_aMeléndez Chaverri, Carlos _93973 |
||
| 245 | _aSanta Rosa: un combate por la libertad | ||
| 260 | _aCosta Rica | ||
| 260 | _bImprenta Nacional | ||
| 260 | _c2001 | ||
| 300 | _a91 páginas | ||
| 650 |
_aCOSTA RICA _927142 |
||
| 650 |
_aHISTORIA _943 |
||
| 650 |
_aMONUMENTOS HISTORICOS _927143 |
||
| 650 |
_aCAMPAÑA NACIONAL 1856-1857 _920702 |
||
| 650 |
_aBATALLA DE SANTA ROSA _927144 |
||
| 942 | _cBK | ||
| 999 |
_c1577 _d1577 |
||